000 02442nam a2200229Ia 4500
003 OSt
005 20230723201746.0
008 180524s2009 CNT 000 0 und d
020 _a9783170194212
040 _cNew Zealand National Baha'i Reference Library
100 _aManfred Hutter
_9517
245 1 0 _aHandbuch Bahāʾī : Geschichte, Theologie, Gesellschaftsbezug
246 _aBahāʾī Handbook: History, Theology, Social Relations
260 _aStuttgart
_bVerlag W. Kohlhammer
_c2009
300 _a230 p.
500 _aDas "Handbuch Bahai" bietet eine Gesamtdarstellung dieser in der Mitte des 19. Jahrhunderts im Iran entstandenen monotheistischen Religion. Neben Entstehungsgeschichte der Religion und Lehrinhalten sind auch die daraus resultierenden Praktiken zur Kultur- und Gesellschaftsgestaltung ausführlich dargestellt. Das Buch behandelt Fragen der aktuellen Verbreitungsgeschichte, geht auf die Verfolgungen der Religionsgemeinschaft in der Islamischen Republik Iran ein, bespricht die wichtigsten Bahai-Stätten in Israel, die im Juli 2008 in die Liste von Denkmälern des Weltkulturerbes aufgenommen wurden, und thematisiert das Verhältnis der Bahai zu anderen Religionen. Ein eigener Abschnitt widmet sich der Entwicklung der Bahai-Gemeinden in Deutschland, Österreich und der Schweiz.
500 _aThe "Bahai Handbook" offers an overall description of this monotheistic religion, which arose in Iran in the middle of the 19th century. In addition to the history of the origins of the religion and the teaching content, the resulting practices for shaping culture and society are also presented in detail. The book deals with questions of the current history of distribution, goes into the persecution of the religious community in the Islamic Republic of Iran, discusses the most important Baha'i sites in Israel, which were included in the list of World Cultural Heritage monuments in July 2008, and addresses the relationship between the Baha'i and other religions. A separate section is dedicated to the development of the Baha'i communities in Germany, Austria and Switzerland.
650 0 _aBaha'i Studies
_vBaha'i Faith
_9568
650 0 _aIntroductory Works
_vBaha'i Faith
_9289
856 _3PDF
_uhttps://library.abs.org.nz/cgi-bin/koha/opac-retrieve-file.pl?id=d0963366c9889610bdd32cb0501b0a9a
_yHandbuch Bahāʾī : Geschichte, Theologie, Gesellschaftsbezug (Contents Pages)
942 _2ddc
_cCHAPTER
999 _c28009
_d28009